استراتيجية البرنامج النووى فى العراق فى اطار سياسات العلم والتكنولوجبا / (Record no. 66710)
[ view plain ]
| 000 -الفاتح | |
|---|---|
| حقل البيانات ثابتة الطول | 01081nam a22002417a 4500 |
| 005 - وقت وتاريخ اخر تعامل مع التسجيلة | |
| رقم الضبط | 20240530110934.0 |
| 008 - عناصر البيانات ثابتة الطول - معلومات عامة | |
| حقل البيانات ثابتة الطول | 220221s2009 ua c g b 000 0 ara d |
| 017 ## - رقم الايداع القانونى | |
| المصدر ( الهيئة المختصة) | مصر. دار الكتب |
| 020 ## - الرقم الدولى المعيارى للكتب | |
| الرقم الدولى المعيارى للكتاب | 9789953822471 |
| 040 ## - مصدر الفهرسة | |
| وكالة الفهرسة الأصلية | EG-CaGPL |
| وكالة النسخ | EG-CaGPL |
| 082 04 - رقم تصنيف ديوى العشرى | |
| رقم الطبعة | 21 |
| رقم التصنيف | 355.0217 / |
| رقم المادة | هـ ا |
| 100 0# - المدخل الرئيسى - إسم شخصى | |
| الإسم الشخصى | همام عبدالخالق عبدالغفور |
| 245 10 - بيان العنوان | |
| العنوان | استراتيجية البرنامج النووى فى العراق فى اطار سياسات العلم والتكنولوجبا / |
| بيان المسئوليه,etc | تاليف همام عبدالخالق عبدالغفور ، عبدالحليم ابراهيم الحجاج |
| 260 ## - PUBLICATION, DISTRIBUTION, ETC. (IMPRINT) | |
| تاريخ النشر أو التوزيع | 2009 |
| 300 ## - الوصف المادى | |
| التعداد | 240 ص ؛ |
| أبعاد الوعاء | 24 سم |
| 650 07 - المدخل الاضافى بالموضوع-مصطلح موضوعى | |
| مصطلح موضوعي | المفاعلات النووية |
| مصدر الرأس أو المصطلح | qrmak |
| 650 07 - المدخل الاضافى بالموضوع-مصطلح موضوعى | |
| مصطلح موضوعي | الاسلحة النووية |
| مصدر الرأس أو المصطلح | qrmak |
| 650 07 - المدخل الاضافى بالموضوع-مصطلح موضوعى | |
| مصطلح موضوعي | العلم والتكنولوجيا |
| مصدر الرأس أو المصطلح | qrmak |
| 651 ## - المدخل الاضافى بالموضوع - اسم جغرافى | |
| مصدر الرأس أو المصطلح | qrmak |
| الاسم الجغرافي | العراق |
| 700 ## - المدخل الاضافى - اسم شخصى | |
| الإسم الشخصى | عبدالحليم ابراهيم الحجاج |
| 942 ## - عناصر المدخل الإضافي( كوها) | |
| مصدر التصنيف او مخطط الترفيف | Dewey Decimal Classification |
| Koha [default] item type | كتاب |
| 260 ## - PUBLICATION, DISTRIBUTION, ETC. (IMPRINT) | |
| -- | بيروت : |
| -- | مركز دراسات الوحدة العربية، |
| حالة التراجع | حالة الفقد | حالة تلف | ليس للاعارة | المكان المؤقت | الموقع الحالى | موقع الترفيف | تاريخ الاكتساب | اجمالي اﻻعارات | رقم الطلب | الباركود | تاريخ اخر مشاهدة | تاريخ تفعيل السعر | نوع وعاء كوها |
|---|---|---|---|---|---|---|---|---|---|---|---|---|---|
| مكتبة القاهرة الكبرى | مكتبة القاهرة الكبرى | ق الرئيسية_العلوم الاجتماعية_ك عربى | 09/19/2022 | 355.0217 / هـ ا | 168519 | 09/19/2022 | 09/19/2022 | كتاب |

